00410 a2200109 4500001001000000005001700010008004100027245009100068100002700159773009700186999001700283ART_4714720260410162018.0260409a 10aCuando los agresores sexuales son niños y adolescentes. Parentalidad e instituciones1 aBerlinerblau, Virginia0 tTemas de derecho de familia, sucesiones y bioéticag- Año 3, N° 7 (jul. 2018)wREV41029 c32848d32848